LEADER 01054nam0-22003371i-450- 001 990003858740403321 005 20110615164710.0 035 $a000385874 035 $aFED01000385874 035 $a(Aleph)000385874FED01 035 $a000385874 100 $a20030910d--------km-y0itay50------ba 101 0 $aita 102 $aIT 200 1 $aGuida alla redazione dei piani di sviluppo delle imprese agricole$edirettive 72/159/CEE, 75/268/CEE$eleggi 9 maggio 1975 n. 153, 10 maggio 1976 n. 352$fa cura di Francesco Ribaudo 210 $aBologna$cEdagricole$d1978 215 $aVI, 169 p.$d24 cm 610 0 $aImprese agricole$aGestione 610 0 $aSviluppo agrario 676 $aH/1.13 676 $aH/1.14 702 1$aRibaudo,$bFrancesco 801 0$aIT$bUNINA$gRICA$2UNIMARC 901 $aBK 912 $a990003858740403321 952 $a330-71$b293$fDMVBF 952 $aH/1.14 GUI$b10830/I$fSES 959 $aSES 959 $aDMVBF 996 $aGuida alla redazione dei piani di sviluppo delle imprese agricole$9514997 997 $aUNINA LEADER 01233nam 2200397 450 001 9910494626503321 010 $a3-8382-7280-3 035 $a(CKB)4100000007801713 035 $a(MiAaPQ)EBC5614027 035 $a(MiAaPQ)EBC5778598 035 $a(EXLCZ)994100000007801713 100 $a20190612d2019 uy 0 101 0 $aeng 135 $aurcnu|||||||| 181 $ctxt$2rdacontent 182 $cc$2rdamedia 183 $acr$2rdacarrier 200 10$aInternational law and the post-Soviet space$hII$iEssays on Ukraine, intervention, and non-prolifieration /$fThomas D. Grant 210 1$aStuttgart, Germany :$cibidem-Verlag,$d[2019] 210 4$dİ2019 215 $a1 online resource (535 pages) 311 $a3-8382-1302-5 606 $aInternational law$zRussia (Federation) 606 $aInternational law$zFormer Soviet republics 608 $aElectronic books. 615 0$aInternational law 615 0$aInternational law 676 $a341.0947 700 $aGrant$b Thomas D.$f1969-$0857068 801 0$bMiAaPQ 801 1$bMiAaPQ 801 2$bMiAaPQ 906 $aBOOK 912 $a9910494626503321 996 $aInternational law and the post-Soviet space$92447687 997 $aUNINA